| 000 | 00383nam a22001337a 4500 | ||
|---|---|---|---|
| 020 | _a978-81-321-0624-1 | ||
| 082 | _a651.7 QUI/BU | ||
| 100 | _aKELLY M QUINTANILLA,SHAWN T WAHL | ||
| 245 | _aBUSINESS AND PROFESSIONAL COMMUNICATION:KEYS FOR WORKPLACE EXCELLENCE | ||
| 250 | _a1 | ||
| 260 |
_aNEWDELHI _bSAGE PUBLICATIONS INDIA PVT LTD _c2011 |
||
| 300 | _a351p. | ||
| 942 |
_2ddc _cBK |
||
| 999 |
_c189893 _d189893 |
||